Top 30 : Miley Cyrus - Statistiques

Statistiques générales
  • Ce quiz a été pris 23 fois
  • Le résultat moyen est 10 sur 30
Statistiques - réponses
Top Titres Featuring % Correct
1 Flowers
100%
6 Wrecking Ball
90%
2 Party In The U.S.A.
71%
9 The Climb
67%
4 We Can't Stop
67%
8 Prisoner Dua Lipa
62%
3 Angels Like You
52%
7 Malibu
48%
24 7 Things
38%
21 Jaded
38%
5 Nothing Breaks Like a Heart Mark Ronson
38%
13 Adore You
33%
12 Don’t Call Me Angel Ariana Grande, Lana Del Rey
33%
10 Midnight Sky
29%
25 River
29%
27 Can't Be Tamed
24%
30 End of the World
24%
14 23 Mike Will Made It, Wiz Khalifa, Juicy J
19%
26 Butterfly Fly Away Billy Ray Cyrus
19%
29 II MOST WANTED Beyonce
19%
20 Plastic Hearts
19%
18 Used To Be Young
19%
11 When I Look At You
19%
19 WITHOUT YOU The Kid LAROI
19%
16 Mother's Daughter
14%
22 See You Again
14%
23 Feelin' Myself will.i.am, French Montana, Wiz Khalifa, Mustard
10%
15 Slide Away
10%
28 Edge of Midnight (Midnight Sky Remix) Stevie Nicks
5%
17 Heart Of Glass
5%
Aucun quiz correspondant
Distribution des résultats
% des personnes avec chaque résultat
Percentile par nombre de réponses
Votre historique - résultats
Vous n’avez pas pris ce quiz